| 000 | 00729nam a2200241 a 4500 | ||
|---|---|---|---|
| 008 | |||
| 020 | _a0750650575 (pbk.) | ||
| 049 | _aMAIN | ||
| 090 | 0 | 0 | _aTA345 |
| 100 | 1 | _aLiengme, Bernard V. | |
| 245 | 1 | 2 |
_aA guide to Microsoft Excel for scientists and engineers / _cBernard V. Liengme. |
| 260 |
_aOxford : _bButterworth-Heinemann, _cc2000. |
||
| 300 |
_axii, 275 p. : _bill. ; _c25 cm. |
||
| 500 | _aIncludes index. | ||
| 650 | 0 |
_aEngineering _xData processing. |
|
| 650 | 0 |
_aScience _xData processing. |
|
| 650 | 0 | _aElectronic spreadsheets. | |
| 907 |
_a.b10132004 _b03-08-04 _c02-08-04 |
||
| 003 | |||
| 005 | 20230123133805.0 | ||
| 040 | _cNUST | ||
| 942 |
_cBOOKS _kTA345 |
||
| 999 |
_c154679 _d154679 |
||